000 00967nam a22003137a 4500
003 CHAP
005 20220329134648.0
008 971013s1975 r 00010 d
010 _a23833
011 _a24805
035 _a28905
040 _cCHAP
082 _a634
_bH3
100 0 0 _aHaard, Norman F.
_eed.
_952077
245 _aPostharvest biology and handling of fruits and vegetables
260 _aWestport, Conn. :
_bAVI,
_c1975
300 _a193 p.
_b: ilus. ; gráfs.
590 _aBATCH-UPD
_b10
_c20130110
_lUCH01
_h0837
590 _aBATCH-UPD
_b10
_c20130410
_lUCH01
_h0515
590 _aBATCH-UPD
_b10
_c20130914
_lUCH01
_h1445
590 _aCONVERSION
_b10
_c20130109
_lUCH01
_h1314
650 1 4 _aFruta
_xFisiología y morfología.
_943618
650 1 4 _aLegumbres.
_965680
650 1 4 _aRecolección.
_995010
700 0 _aSalunkhe, D.K.
_9101847
901 _aBK
942 _cLIBRO
949 _a634 H3
_bBC
_cLIBRO
_d33724000220141
_eLIBRO
_h52923
_i28905
_si
999 _c23833
_d23833